000
00265nam a22001097a 4500
040
_c
rua
082
_a
AID NOV 2018 C011 Or.
245
_a
AGRO-INDUSTRY DEVELOPMENT POLICY 2019-2030.
260
_a
phnom penh
_b
rua
_c
2018
300
_a
13p.
_b
ill.
_c
29cm.
942
_c
REC
999
_c
22151
_d
22151